LEADER 01393nam a2200301 4500 001 000000360711 003 CaOOAMICUS 005 20241115110059.0 008 241115s2005 it 000 u ita r 020 $a88-420-7545-0 040 $aSeMil$bita 100 1 $aDahrendorf, Ralf,$d<1929-2009>.$0(OLS)http://semarc/name/31865 240 10$aAuf der Suche nach einer neuen Ordnung.$0(OLS)http://semarc/title/451249 245 10$aLibertà attiva :$bsei lezioni su un mondo instabile /$cRalf Dahrendorf ; traduzione di Mario Carpitella. 264 1$aRoma ; Bari :$bLaterza,$c2005. 300 $aVII, 143 p. ;$c21 cm 490 1 $aEconomica Laterza ;$v347 650 4$aSociologia politica.$0(OLS)http://semarc/subject/6517 650 4$aLibertà - Teorie - Sec. 20.$0(OLS)http://semarc/subject/56650 700 1 $aCarpitella, Mario,$d<1930-2008>.$0(OLS)http://semarc/name/726 830 0$aEconomica Laterza ;$v347.$0(OLS)http://semarc/title/434050 850 $aSeMil 852 $aSeMil$W1$xVenegono$y1$m2G III 8$j252334$B251718$CSeMilBibl$Z2$F251718 $81 961 $aBuzzi mons. Franco - Omaggio 996 $6020$a88-420-7545-0$9(OLS)http://semarc/number/301790 996 $6245$aLibertà attiva :$bsei lezioni su un mondo instabile$9(OLS)http://semarc/title/451251 996 $6264$aRoma ; Bari :$bLaterza$9(OLS)http://semarc/publisher/30305 LEADER 01449nam a2200217 i 4500 001 000000027790 003 CaOOAMICUS 005 20230525120959.0 008 180830s16931694fr u000 u fre u 040 $aSeMil$bita 100 1 $aBonal, Raymond,$d<1600-1653>.$0(OLS)http://semarc/name/12636 245 13$aLe cours de la theologie morale; dans lequel les cas de conscience sont amplement enseignez: & la pratique necessaire aux pasteurs des ames, & à toutes sortes de personnes, tant ecclesiastiques que laïques. Tome 1. [-2.]. Revû, corrigé, & augmenté du penitent catechisé, & d'une table des principales matieres. Composé par M. Raymond Bonal, prêtre, .. 250 $aHuitième édition. 260 $aA Lyon :$bchez Pierre Guillimin,$c1693-1694. 300 $a2 v. ;$c12°. 500 $aNon posseduto il vol. 2. 700 1 $aGuillimin, Pierre,$c.$0(OLS)http://semarc/name/12637 774 0 $tTome 1.$g1$w()48680 996 $6245$aLe cours de la theologie morale; dans lequel les cas de conscience sont amplement enseignez: & la pratique necessaire aux pasteurs des ames, & à toutes sortes de personnes, tant ecclesiastiques que laïques. Tome 1. [-2.]. Revû, corrigé, & augmenté du penitent catechisé, & d'une table des principales matieres. Composé par M. Raymond Bonal, prêtre, ..$9(OLS)http://semarc/title/37645 996 $6260$aA Lyon :$bchez Pierre Guillimin$9(OLS)http://semarc/publisher/37450